000 00604cam a22002053a 4500
001 39461
003 PGUSA
005 20140828083857.0
008 120416s2012||||xxu|||||s|||||000 | eng d
040 _aPGUSA
_beng
042 _adc
100 1 _aRoe, Azel Stevens,
_d1798-1886
245 1 0 _aI've Been Thinking; ;
_bor, the Secret of Success
_h[electronic resource] /
_cAzel Stevens Roe
260 _bProject Gutenberg,
_c2012
506 _aPublic domain in the USA.
516 _aElectronic text
830 0 _aProject Gutenberg
_v39461
856 4 0 _uhttp://www.gutenberg.org/ebooks/39461
942 _cEB
999 _c268714
_d268714